| 000 | 00529nam a2200193Ia 4500 | ||
|---|---|---|---|
| 003 | OSt | ||
| 005 | 20250314171106.0 | ||
| 008 | 210210b1989 xxu||||| |||| 00| 0 eng d | ||
| 040 | _cAL | ||
| 041 | _aKannada | ||
| 082 | _aK894.2 JAYP | ||
| 100 |
_aJAYAPRAKASHA MAVINAKULI. _9138766 _dಜಯಪ್ರಕಾಶ ಮಾವಿನಕುಳಿ |
||
| 245 |
_aParti _bಪಾರ್ಟಿ |
||
| 260 |
_aMangaluru _bAbhivyakta Prakashana _c1989 |
||
| 300 | _a32 | ||
| 690 |
_aKannada Drama _9138767 |
||
| 906 | _a042471 | ||
| 942 |
_2ddc _cBK |
||
| 999 |
_c92151 _d92151 |
||